Nasepte Laibu: (Record no. 8061)
[ view plain ]
| 000 -LEADER | |
|---|---|
| fixed length control field | 00622 a2200193 4500 |
| 003 - CONTROL NUMBER IDENTIFIER | |
| control field | GBCCL |
| 005 - DATE AND TIME OF LATEST TRANSACTION | |
| control field | 20241126110642.0 |
| 008 - FIXED-LENGTH DATA ELEMENTS--GENERAL INFORMATION | |
| fixed length control field | 190207b ||||| |||| 00| 0 eng d |
| 040 ## - CATALOGING SOURCE | |
| Transcribing agency | gbc |
| 082 ## - DEWEY DECIMAL CLASSIFICATION NUMBER | |
| Classification number | VER 226.607 |
| Item number | KAM |
| 100 ## - MAIN ENTRY--PERSONAL NAME | |
| Personal name | Kamchinkhup, K. |
| 9 (RLIN) | 12830 |
| 245 ## - TITLE STATEMENT | |
| Title | Nasepte Laibu: |
| Remainder of title | Bung 13-28 hilhchetna / |
| Statement of responsibility, etc. | K. Kamchinkhup |
| 260 ## - PUBLICATION, DISTRIBUTION, ETC. | |
| Place of publication, distribution, etc. | New Lamka: |
| Name of publisher, distributor, etc. | Evangelical Baptist Convention, |
| Date of publication, distribution, etc. | 2018 |
| 300 ## - PHYSICAL DESCRIPTION | |
| Extent | xii, 228 p.; |
| Other physical details | ill., map., 20 cm. |
| 440 ## - SERIES STATEMENT/ADDED ENTRY--TITLE | |
| Title | Saptuam' Laisiangthou Hilhchetna. |
| 9 (RLIN) | 7247 |
| 650 ## - SUBJECT ADDED ENTRY--TOPICAL TERM | |
| Topical term or geographic name entry element | Bible |
| Form subdivision | New Testament |
| General subdivision | Acts |
| -- | Commentary |
| 9 (RLIN) | 12831 |
| 650 ## - SUBJECT ADDED ENTRY--TOPICAL TERM | |
| Topical term or geographic name entry element | Sunday School, EBC |
| 9 (RLIN) | 12832 |
| 942 ## - ADDED ENTRY ELEMENTS (KOHA) | |
| Source of classification or shelving scheme | Dewey Decimal Classification |
| Koha item type | Books |
| Withdrawn status | Lost status | Source of classification or shelving scheme | Damaged status | Not for loan | Home library | Current Library | Shelving location | Date acquired | Source of acquisition | Cost, normal purchase price | Total checkouts | Full call number | Barcode | Date last seen | Copy number | Cost, replacement price | Price effective from | Koha item type |
|---|---|---|---|---|---|---|---|---|---|---|---|---|---|---|---|---|---|---|
| Dewey Decimal Classification | GRACE BIBLE COLLEGE | GRACE BIBLE COLLEGE | Vernacular | 2019-08-05 | 9 | 100.00 | VER 226.607 KAM | 014381 | 2025-05-01 | c.1 | 100.00 | 2019-08-05 | Books | |||||
| Dewey Decimal Classification | GRACE BIBLE COLLEGE | GRACE BIBLE COLLEGE | Vernacular | 2022-02-03 | VER 226.607 KAM | 004794 | 2025-05-01 | c.2 | 2022-02-03 | Books | ||||||||
| Dewey Decimal Classification | GRACE BIBLE COLLEGE | GRACE BIBLE COLLEGE | Vernacular | 2025-06-16 | VER 226.607 KAM | 021017 | 2025-06-16 | c.3 | 2025-06-16 | Books | ||||||||
| Dewey Decimal Classification | GRACE BIBLE COLLEGE | GRACE BIBLE COLLEGE | Vernacular | 2025-06-16 | VER 226.607 KAM | 021018 | 2025-06-16 | c.4 | 2025-06-16 | Books |